| 000 | 00000nam##2200000za#4500 |
| 001 | 9.632669 |
| 003 | CaOODSP |
| 005 | 20210624214932 |
| 007 | cr ||||||||||| |
| 008 | 150407|2006||||xxc|||||o f|0| 0 fre|d |
| 020 | |a0-662-71519-5 |
| 040 | |aCaOODSP|bfre |
| 043 | |an-cn--- |
| 086 | 1 |aCH24-14/2006F-PDF |
| 110 | 1 |aCanada.|bPatrimoine canadien. |bSport Canada. |
| 245 | 13|aLa politique sur le sport pour les personnes ayant un handicap |h[ressource électronique] |
| 260 | |aOttawa - Ontario : |bPatrimoine canadien. |c2006. |
| 300 | |a21p.|bfigure, glossaire, références |
| 500 | |aLe n° de catalogue (CH24-14/2006) et l’ISBN (0-662-49084-3) de l'édition imprimée bilingue ont été incorrectement copiés dans l’édition électronique. |
| 520 | 3 |aCette politique cadre explique comment divers partenaires et intervenants du milieu du sport et de l’activité physique au Canada peuvent réduire, voire éliminer, les obstacles auxquels se heurtent les personne ayant un handicap en matière sportive. Elle renferme un énoncé de vision, des objectifs et des stratégies ainsi qu’une explication des obstacles de nature environnementale, structurelle, systémique, sociale et personnelle qui empêchent ces personnes de participer pleinement à la société canadienne. Comprend un glossaire. |
| 590 | |a07-06|b2007-02-09 |
| 691 | 07|aPersonne handicapée|2gcpds |
| 691 | 07|aSport|2gcpds |
| 775 | 08|tPolicy on sport for persons with a disability |w(CaOODSP)9.688237 |
| 776 | 0#|tPolicy on sport for persons with a disability |w(CaOODSP)9.667451 |
| 776 | 0#|tLa politique sur le sport pour les personnes ayant un handicap |w(CaOODSP)9.667452 |
| 856 | 40|ahttp://publications.gc.ca|qPDF|s298 Ko|uhttps://publications.gc.ca/collections/Collection/CH24-14-2006F.pdf |